000 01248nam a2200265 a 4500
001 BRCA_7297
005 20190320205802.0
008 190412s1951----mx-#######---#000-0#spa-#
041 _aspa
044 _amx
050 4 _aZ1007
_b.B65 1 1951
245 1 0 _aBoletín bibliográfico del Departamento de Biblioteca, Archivos Económicos y Publicaciones.
260 _aMéxico
_bSecretaría de Hacienda y Crédito Público. Dirección de Estudios Financieros, Departamento de Biblioteca y Archivos Económicos
_c1951
300 _a49 p.
_c22 cm.
500 _aNo. 46, 1951
500 _aBoletín inventariado por Banco de México como libro
500 _aVer también Q25, Q51 y Q91
500 _aI145
505 0 _aI145a Artículo: Beltrán Martínez, Román. Las casas de moneda en los Estados de Sonora y Sinaloa. México: Secretaría de Hacienda y Crédito Público. Dirección de Estudios Hacendarios, Departamento de Biblioteca y Archivos Económicos, 1952. lii p.
610 2 4 _aDepartamento de Biblioteca Archivos Económicos y Publicaciones (México)
_918055
650 1 4 _aBibliografía
_vPublicaciones periódicas
_918056
710 2 _aSecretaría de Hacienda y Crédito Público (México)
_93608
902 _aGFM
942 _2lcc
_cB
999 _c6973
_d6973